| 000 | 00574cam a2200217 4500 | ||
|---|---|---|---|
| 001 | B2360 | ||
| 008 | 090401t1989 xxu||||| |||| 00| 0 eng d | ||
| 035 | _a(Sirsi) u49605 | ||
| 041 | _aeng | ||
| 050 | _a692.8 | ||
| 100 | _aWhiting, A.W. | ||
| 245 | _aControl of measured term contracts | ||
| 260 |
_aAscot,Berks _bChartered Institute of Building _c1989 |
||
| 300 | _a4p. ; 30cm. | ||
| 350 | _a0 | ||
| 490 |
_aTechnical Information Service _v105 |
||
| 650 | _aBUILT ENVIRONMENT-BUILDING CONTRACT FORMS | ||
| 650 | _aMANAGEMENT | ||
| 942 | _n0 | ||
| 948 | _c04/03/1997 | ||
| 999 |
_c92580 _d92580 |
||